Historical dictionary of the Progressive Era /

Bibliographic Details
Main Author: Cocks, Catherine, 1967-
Other Authors: Holloran, Peter, Lessoff, Alan
Format: Book
Language:English
Published: Lanham, Md. : Scarecrow Press, 2009.
Series:Historical dictionaries of U.S. historical eras ; no. 12.
Subjects:

MARC

Tag First Indicator Second Indicator Subfields
LEADER 00000cam a2200000 a 4500
001 in00002440913
005 20151110094240.0
008 080919s2009 mdu bd 000 0 eng
010 |a  2008041295 
020 |a 9780810853492 (cloth : alk. paper) 
020 |a 0810853493 (cloth : alk. paper) 
020 |a 9780810862937 (eBook) 
020 |a 081086293X (eBook) 
035 |a (OCoLC)ocn259754313 
040 |a DLC  |c DLC  |d UtOrBLW 
043 |a n-us--- 
049 |a TXAM 
050 0 0 |a E661  |b .C63 2009 
082 0 0 |a 973.803  |2 22 
100 1 |a Cocks, Catherine,  |d 1967- 
245 1 0 |a Historical dictionary of the Progressive Era /  |c Catherine Cocks, Peter Holloran, Alan Lessoff. 
264 1 |a Lanham, Md. :  |b Scarecrow Press,  |c 2009. 
300 |a l, 626 pages, 16 unnumbered pages of plates :  |b illustrations ;  |c 23 cm. 
336 |a text  |b txt  |2 rdacontent 
337 |a unmediated  |b n  |2 rdamedia 
338 |a volume  |b nc  |2 rdacarrier 
490 1 |a Historical dictionaries of U.S. historical eras ;  |v no. 12 
504 |a Includes bibliographical references. 
651 0 |a United States  |x History  |y 1865-1921  |v Dictionaries. 
651 0 |a United States  |x Politics and government  |y 1865-1933  |v Dictionaries. 
650 0 |a Progressivism (United States politics)  |v Dictionaries. 
700 1 |a Holloran, Peter. 
700 1 |a Lessoff, Alan. 
830 0 |a Historical dictionaries of U.S. historical eras ;  |v no. 12. 
945 |a PromptCat 
946 |a stk 
947 |a A14839828945 
948 |a cataloged  |b h  |c 2009/4/23  |d c  |e dmitchel  |f 8:00:00 am 
994 |a 92  |b TXA 
999 |a MARS 
999 f f |s 62b14479-ef58-3862-a871-8967a6e5c89a  |i 1529725d-1b97-3b4d-9436-f9b9251d8593  |t 0 
952 f f |p ric  |a Texas A&M University  |b Rellis Campus  |c Joint Library Facility  |d Remote Storage  |t 0  |e E661 .C63 2009  |h Library of Congress classification  |i unmediated -- volume  |m A14839828945 
998 f f |a E661 .C63 2009  |t 0  |l Remote Storage